000 00205 a2200097 4500
001 2324
100 _aTruitt, R W
245 _aHypersonic Aerodynamics
260 _a
_bRonald Press
_c
090 _c1684
_d1684
942 _aNUST-CAE
_cM
_c7602
999 _c237397
_d237397